Contabilidad y documentación en las empresas (Registro nro. 1051)

Detalles MARC
000 -LEADER
fixed length control field 01096 a2200217 4500
001 - CONTROL NUMBER
control field 22759
005 - DATE AND TIME OF LATEST TRANSACTION
control field 20260407155517.0
008 - FIXED-LENGTH DATA ELEMENTS--GENERAL INFORMATION
fixed length control field 260407a1972 arg spa d
003 - CONTROL NUMBER IDENTIFIER
control field AR-UNSa-BCEJYS
040 ## - CATALOGING SOURCE
Original cataloging agency AR-UNSa-BCEJYS
Language of cataloging spa
Transcribing agency AR-UNSa-BCEJYS
080 ## - UNIVERSAL DECIMAL CLASSIFICATION NUMBER
Universal Decimal Classification number 657.24
Common auxiliary subdivision Comprobación de las operaciones. Documentos contables
100 1# - MAIN ENTRY--PERSONAL NAME
Personal name Accursi, Domingo A.
245 10 - TITLE STATEMENT
Title Contabilidad y documentación en las empresas
Name of part/section of a work según la ley nº 19550 de sociedades comerciales
264 #1 - PRODUCTION, PUBLICATION, DISTRIBUTION, MANUFACTURE, AND COPYRIGHT NOTICE
Place of production, publication, distribution, manufacture Rosario :
Name of producer, publisher, distributor, manufacturer Orbir
Date of production, publication, distribution, manufacture, or copyright notice 1972
300 ## - PHYSICAL DESCRIPTION
Extent 173 p.
Dimensions 23 cm.
505 ## - FORMATTED CONTENTS NOTE
Formatted contents note 1. La ley 19.550 - 2. Documentación - 3. Estados contables - 4. Principio general - 5. Balance general - 6. Ordenamiento de la ley de sociedades comerciales Nº 19.550 - 7. Contenido del activo - 8. Contenido del pasivo - 10. De la presentación en general - 11. Valuación - 12. Estado de resultado - 13. Notas y cuadro - 14. Memoria - 15. Copias: depósitos - 165. Otras normas - 17. Palabras finales - Apéndice.
590 ## - LOCAL NOTE (RLIN)
Local note niveau_biblio:m niveau_hierar:0
650 ## - SUBJECT ADDED ENTRY--TOPICAL TERM
Topical term or geographic name entry element Ley Nº 19.550
650 ## - SUBJECT ADDED ENTRY--TOPICAL TERM
Topical term or geographic name entry element ley nº 19 550
942 ## - ADDED ENTRY ELEMENTS (KOHA)
Koha item type
Existencias
Withdrawn status Lost status Damaged status Not for loan Home library Current library Shelving location Date acquired Total checkouts Full call number Barcode Date last seen Price effective from Koha item type
        Biblioteca Prof. Eusebio Cleto del Rey Biblioteca Prof. Eusebio Cleto del Rey   07/04/2026   657.24 A169 L24766 07/04/2026 07/04/2026 Libro
        Biblioteca Prof. Eusebio Cleto del Rey Biblioteca Prof. Eusebio Cleto del Rey   07/04/2026   657.24 A169 L24768 07/04/2026 07/04/2026 Libro
        Biblioteca Prof. Eusebio Cleto del Rey Biblioteca Prof. Eusebio Cleto del Rey   07/04/2026   657.24 A169 L24770 07/04/2026 07/04/2026 Libro
        Biblioteca Prof. Eusebio Cleto del Rey Biblioteca Prof. Eusebio Cleto del Rey   07/04/2026   657.24 A169 L24769 07/04/2026 07/04/2026 Libro
        Biblioteca Prof. Eusebio Cleto del Rey Biblioteca Prof. Eusebio Cleto del Rey   07/04/2026   657.24 A169 L24767 07/04/2026 07/04/2026 Libro